000 00368nam a2200157Ia 4500
008 210716s1994 xx 000 0 und d
020 _a8170292409
041 _aeng
082 _a005.362 ALIA
100 _aAlisha, Ahamad.
245 _aProgramming in basic.
250 _a1
260 _aNew Delhi
_bBPB Publications
_c1994
300 _avi,244
650 _aNone
999 _c182710
_d182710